000 00434nam a2200169Ia 4500
008 090711s9999 xx 000 0 und d
082 _b16752
100 _aइंगळे मधुकर
245 _aरिंगण
260 _c1965
300 _a176
600 _aइंगळे मधुकर
630 _aरिंगण
700 _aइंगळे मधुकर
730 _aरिंगण
942 _cBOOK
999 _c295946
_d295946